000
00256nam a22001097a 4500
008
170112b xxu||||| |||| 00| 0 eng d
020
_a
9780130941824
041
_a
eng
080
_a
618.2
245
_a
LPN/LVN STUDENT NURSE HANDBOOK
_c
BROWN
942
_2
udc
_c
BK
999
_c
2809
_d
2809